00327 2200145 4500245004500000250001100045100002100056650001600077650001400093005001900107260001800126041001400144084001400158336000900172 aPotongan SayurancPotongan SayuranhText aCet. 1 aPotongan Sayuran aKarya Siswa aScrapbook a20250526100649 aJakartac2025 aIndonesia a081 POT p atext